000 00485nam a22001577a 4500
003 macl
005 20170602131608.0
008 170602b xxu||||| |||| 00| 0 eng d
040 _cmacl
082 _a800
100 _aअंसल,कुसुम
_967297
245 _aमेरे साक्षात्‍कार
260 _aदिल्‍ली
_bराजेश प्रकाशन
_c2015
650 _aसाक्षात्‍कार
_931561
942 _2ddc
_cHIN
999 _c56426
_d56426